000 00370cam a22001337a 4500
008 180718b1990 xxu||||| |||| 00| 0 eng d
082 _aU6x54 M426
100 _aMathur, N.D.
245 _aPrice policy in public enterprises
_cby N.D. Mathur
260 _aJaipur
_bNational
_c1990
300 _a188p.
650 _aPolicy - India
650 _aGovernment enterprise - Price
999 _c350287
_d350287